00726nam a2200241Ia 4500003000400000005001700004008004100021020001800062040000700080041001200087082002200099100002600121245002200147260003800169300002800207365001400235650001900249650002200268906002300290942001200313999001900325952014000344OSt20250703194701.0210423s2009 xx 000 0 und d a9781405175577 cAL aEnglish a070.1 223bRANW aTerhi Rantanen987262 aWhen news was new aNew DelhibWiley- Blackwellc2009 axiv,154p.bPBc23x15cm. b1530cINR aGeneral987263 aMass Media987264 anew. ; news ; When 2ddccBK c157290d157290 00102ddc40708MAJMCaSACPGbSACPGd2009-10-08eAthulya Booksg1530.00l0o070.1 RANWpPG003766r2022-08-24 00:00:00w2021-04-26yBK